Music Quiz

Random Music or Classical Quiz
Score 0/14 Timer 05:00
0 Plays Today
% Correct
Pyotr Ilyich Tchaikovsky
95.1%
Igor Stravinsky
82.9%
Aaron Copland
76.5%
Sergei Prokofiev
70.5%
Leonard Bernstein
63.9%
Léo Delibes
62.1%
Adolphe Adam
51.2%
% Correct
Maurice Ravel
49.5%
Aram Khachaturian
39.4%
Ludwig Minkus
36.9%
Boris Asafyev
28.5%
Cesare Pugni
22.7%
Louis Moreau Gottschalk
18.3%
Riccardo Drigo
13.8%
Remove Ads.
Support Sporcle.
Get the best of Sporcle when you Go Orange. This ad-free experience offers more features, more stats, and more fun while also helping to support Sporcle. Thank you for becoming a member.

You're not logged in!

Compare scores with friends on all Sporcle quizzes.
OR
Log In

Show Comments

Extras

Top Quizzes Today


Score Distribution

Your Account Isn't Verified!

In order to create a playlist on Sporcle, you need to verify the email address you used during registration. Go to your Sporcle Settings to finish the process.

Report this User

Report this user for behavior that violates our Community Guidelines.

Details: